书目信息 |
| 题名: |
从学徒到高手
|
|
| 作者: | 多国华 编著 | |
| 分册: | ||
| 出版信息: | 北京 中国铁道出版社 2016 |
|
| 页数: | 338页 | |
| 开本: | 21cm | |
| 丛书名: | ||
| 单 册: | ||
| 中图分类: | U463.620.2 , U472.41 | |
| 科图分类: | ||
| 主题词: | 汽车--电气设备--电路图--识图 , 汽车--电气系统--故障诊断 , 汽车--电气系统--故障修复 | |
| 电子资源: | ||
| ISBN: | 978-7-113-20478-5 | |
| 000 | 00996nam0 2200265 450 | |
| 001 | 3301 | |
| 005 | 20160926093053.18 | |
| 010 | @a978-7-113-20478-5@b平装@dCNY39.00 | |
| 100 | @a20160302d2016 em y0chiy50 ea | |
| 101 | 0 | @achi |
| 102 | @aCN@b110000 | |
| 105 | @aa z 000yy | |
| 200 | 1 | @a从学徒到高手@9cong xue tu dao gao shou@e汽车电路识图、故障检测与维修技能全图解@f多国华编著 |
| 210 | @a北京@c中国铁道出版社@d2016 | |
| 215 | @a338页@d21cm | |
| 330 | @a本书通过翔实的汽车结构示意图和完善的电路图,向读者介绍了汽车电气和电控系统的维护、保养、故障诊断及维修技能。 | |
| 517 | 1 | @a汽车电路识图、故障检测与维修技能全图解@9qi che dian lu shi tu、gu zhang jian ce yu wei xiu ji neng quan tu jie |
| 606 | 0 | @a汽车@x电气设备@x电路图@x识图 |
| 606 | 0 | @a汽车@x电气系统@x故障诊断 |
| 606 | 0 | @a汽车@x电气系统@x故障修复 |
| 690 | @aU463.620.2@v5 | |
| 690 | @aU472.41@v5 | |
| 701 | 0 | @a多国华@9duo guo hua@4编著 |
| 801 | 0 | @aCN@b唐山师范学院图书馆@c20151001 |
| 905 | @aZUCC@dU463.620.2@e319 | |
| 从学徒到高手:汽车电路识图、故障检测与维修技能全图解/多国华编著.-北京:中国铁道出版社,2016 |
| 338页;21cm |
| ISBN 978-7-113-20478-5(平装):CNY39.00 |
| 本书通过翔实的汽车结构示意图和完善的电路图,向读者介绍了汽车电气和电控系统的维护、保养、故障诊断及维修技能。 |
| ● |
| 相关链接 |
|
|
|
|
正题名:从学徒到高手
索取号:U463.620.2/319
 
预约/预借
| 序号 | 登录号 | 条形码 | 馆藏地/架位号 | 状态 | 备注 |
| 1 | 904563 | 209045638 | 第二样本阅览室/ [索取号:U463.620.2/319] | 在馆 | |
| 2 | 904564 | 209045647 | 第三借阅区/ [索取号:U463.620.2/319] | 在馆 | |
| 3 | 904565 | 209045656 | 密集书库-物理学院/ [索取号:U463.620.2/319] | 在馆 | |
| 4 | 904566 | 209045665 | 第三借阅区/ [索取号:U463.620.2/319] | 在馆 | |
| 5 | 904567 | 209045674 | 第三借阅区/ [索取号:U463.620.2/319] | 在馆 |